All 1M Cities on World Map with appearing dots - Statistics

General Stats
  • This quiz has been taken 397 times
  • The average score is 290 of 569
Answers on the Map
Answers color-coded by a green-red scale on the quiz's map according to % correct below.
 
Answer Stats
City % Correct
Tokyo
96%
Jakarta
94%
Cairo
90%
London
90%
Moscow
90%
New York City
90%
Paris
90%
Madrid
88%
Berlin
87%
Los Angeles
87%
New Delhi
87%
Chicago
86%
Guangzhou
86%
Istanbul
86%
Johannesburg
86%
Rome
86%
Sydney
86%
Dublin
85%
Kiev
85%
Saint Petersburg
85%
San Francisco
85%
Warsaw
85%
Lisbon
84%
Miami
84%
Milan
84%
Oslo
84%
Stockholm
84%
Tunis
84%
Ankara
83%
Atlanta
83%
Buenos Aires
83%
Cape Town
83%
Dallas
83%
Lagos
83%
Mexico City
83%
Mumbai
83%
Nairobi
83%
Seoul
83%
Tehran
83%
Toronto
83%
Washington, D.C.
83%
Alexandria
82%
Amsterdam
82%
Bucharest
82%
Budapest
82%
Havana
82%
Minsk
82%
Perth
82%
Rio de Janeiro
82%
Santiago
82%
São Paulo
82%
Vienna
82%
Athens
81%
Baghdad
81%
Barcelona
81%
Bogotá
81%
Boston
81%
Denver
81%
Helsinki
81%
Houston
81%
Kinshasa
81%
Lima
81%
Manila
81%
Sana'a
81%
San José
81%
Seattle
81%
Tripoli
81%
Algiers
80%
Bangkok
80%
Brasília
80%
Brussels
80%
Dhaka
80%
Kuala Lumpur
80%
Melbourne
80%
Munich
80%
Prague
80%
Rabat
80%
Riyadh
80%
Singapore
80%
Vancouver
80%
Addis Ababa
79%
Auckland
79%
Beijing
79%
Casablanca
79%
Dubai
79%
Glasgow
79%
Hamburg
79%
Manchester
79%
Naples
79%
Phoenix
79%
Porto
79%
Shanghai
79%
Sofia
79%
Hanoi
78%
Khartoum
78%
Taipei
78%
Abu Dhabi
77%
Copenhagen
77%
Dakar
77%
Guatemala City
77%
Ho Chi Minh City
77%
Hong Kong
77%
Kuwait City
77%
La Paz
77%
Las Vegas
77%
Liverpool
77%
Lyon
77%
Osaka
77%
Panama City
77%
Zurich
77%
Abuja
76%
Caracas
76%
Detroit
76%
Frankfurt
76%
Karachi
76%
New Orleans
76%
Philadelphia
76%
Salt Lake City
76%
Accra
75%
Belgrade
75%
Cologne / Dusseldorf
75%
Damascus
75%
Dar es Salaam
75%
Kabul
75%
Luanda
75%
Marseille
75%
Mecca
75%
Minneapolis
75%
Mogadishu
75%
Port-au-Prince
75%
Quito
75%
Rawalpindi
75%
Tel Aviv-Jaffa
75%
Amman
74%
Birmingham
74%
Brisbane
74%
Ottawa
74%
Portland
74%
Asunción
73%
Austin
73%
Baku
73%
Kolkata
73%
Montevideo
73%
Orlando
73%
San Diego
73%
Santo Domingo
73%
Beirut
72%
Brazzaville
72%
Jacksonville
72%
Montreal
72%
Muscat
72%
Pyongyang
72%
Rotterdam
72%
Sacramento
72%
Adelaide
71%
Antananarivo
71%
Astana
71%
Doha
71%
Leeds
71%
Lusaka
71%
Tampa
71%
Turin
71%
Indianapolis
70%
Kampala
70%
San Salvador
70%
Tashkent
70%
Tbilisi
70%
Valencia
70%
Bangalore
69%
Colombo
69%
Guadalajara
69%
Lahore
69%
Memphis
69%
Monrovia
69%
San Antonio
69%
Chennai
68%
Kansas City
68%
Kathmandu
68%
Maputo
68%
Nashville
68%
Phnom Penh
68%
Saint Louis
68%
Seville
68%
Yerevan
68%
Bordeaux
67%
Calgary
67%
El Paso
67%
Freetown
67%
Manaus
67%
Antwerp
66%
Bamako
66%
Cleveland
66%
Edmonton
66%
Harare
66%
Managua
66%
Medina
66%
Milwaukee
66%
Niamey
66%
Xi'an
66%
Yaoundé
66%
Bishkek
65%
Durban
65%
Hyderabad
65%
Kigali
65%
Manama
65%
Monterrey
65%
N'Djamena
65%
Oklahoma City
65%
Ouagadougou
65%
Pittsburgh
65%
San Juan
65%
Tegucigalpa
65%
Charlotte
64%
Chengdu
64%
Columbus
64%
Fez
64%
Izmir
64%
Jeddah
64%
Wuhan
64%
Aleppo
63%
Ashgabat
63%
Belo Horizonte
63%
Buffalo
63%
Medellín
63%
Raleigh
63%
Toulouse
63%
Abidjan
62%
Almaty
62%
Bangui
62%
Cincinnati
62%
Conakry
62%
Sapporo
62%
Yangon
62%
Lomé
61%
Newcastle
61%
Odessa
61%
Stuttgart
61%
Ürümqi
61%
Ahmedabad
60%
Busan
60%
Lilongwe
60%
Nagoya
60%
Nuremberg
60%
Recife
60%
Tijuana
60%
Volgograd
60%
Yekaterinburg
60%
Chittagong
59%
Gaza
59%
Hiroshima
59%
Kano
59%
Lille
59%
Málaga
59%
Mombasa
59%
Richmond
59%
Sheffield
59%
Donetsk
58%
Marrakesh
58%
Port Elizabeth
58%
Tianjin
58%
Hanover
57%
Louisville
57%
Nizhny Novgorod
57%
Pune
57%
Salvador
57%
Virginia Beach
57%
Xiamen
57%
Novosibirsk
56%
Ulaanbaatar
56%
Cali
55%
Kharkiv
55%
Nanjing
55%
Nouakchott
55%
Omsk
55%
Oran
55%
Porto Alegre
55%
Tangier
55%
Belém
54%
Guayaquil
54%
Harbin
54%
Mosul
54%
Nottingham
54%
Rostov
54%
Surabaya
53%
Antalya
52%
Córdoba
52%
Jaipur
52%
Southampton
52%
Basra
51%
Chongqing
51%
Fortaleza
51%
Hartford
51%
Katowice
51%
Cebu
50%
Denpasar
50%
Douala
50%
The Ruhr
50%
Agra
49%
Dnipro
49%
Kazan
49%
Mannheim
49%
Maracaibo
49%
Medan
49%
Puebla
49%
Samara
49%
Ufa
49%
Barranquilla
48%
Isfahan
48%
Mandalay
48%
Mashhad
48%
Perm
48%
Bandung
47%
Ciudad Juárez
47%
Cotonou
47%
Curitiba
47%
Dammam
47%
Honolulu
47%
Lucknow
47%
Qingdao
47%
Cartagena
46%
Chelyabinsk
46%
George Town
46%
Lubumbashi
46%
Mérida
46%
Bursa
45%
Dalian
45%
Hangzhou
45%
Santa Cruz
45%
Shenyang
45%
Surat
45%
Davao
44%
Fukuoka
44%
Port Harcourt
44%
Rosario
44%
Faisalabad
43%
Harrisburg
43%
Ibadan
43%
Kunming
43%
Valparaíso
43%
Daegu
42%
Greensboro
42%
Adana
41%
Changsha
41%
Fuzhou
41%
Qom
41%
Benin City
40%
Krasnoyarsk
40%
Kumasi
40%
Mexicali
40%
Natal
40%
Shiraz
40%
Voronezh
40%
Agadir
39%
Bhopal
39%
Campinas
39%
Mendoza
39%
São Luís
39%
Sendai
39%
Sousse
39%
Gaziantep
38%
Goiânia
38%
Makassar
38%
McAllen
38%
Nagpur
38%
Nanning
38%
Shantou
38%
Stockton
38%
Tabriz
38%
Hefei
37%
León
37%
Naha
37%
Quetta
37%
Wenzhou
37%
Cape Coral
36%
Kaohsiung
36%
Patna
36%
Varanasi
36%
Indore
35%
Kanpur
35%
Konya
35%
Lanzhou
35%
Saratov
35%
Wuxi
35%
Zhengzhou
35%
Aba
34%
Jinan
34%
Kirkuk
34%
Mbuji-Mayi
34%
Ningbo
34%
Pointe-Noire
34%
San Pedro Sula
34%
Yogyakarta
34%
Cochabamba
33%
Amritsar
32%
Haikou
32%
Peshawar
32%
Taiyuan
32%
Toluca
32%
Aguascalientes
31%
Angeles
31%
Coimbatore
31%
Jodhpur
31%
Palembang
31%
Santos
31%
Shijiazhuang
31%
Teresina
31%
Changchun
30%
Jilin
30%
Kochi
30%
San Luis Potosí
30%
Srinagar
30%
Zibo
30%
Allahabad
29%
Bucaramanga
29%
Hohhot
29%
Huainan
29%
Maracay
29%
Vitória
29%
Gwangju
28%
João Pessoa
28%
Kisangani
28%
Maceió
28%
Vishakhapatnam
28%
Ahvaz
27%
Cixi
27%
Guiyang
27%
Kaduna
27%
Kitakyushu
27%
Okayama
27%
Salem
27%
Semarang
27%
Tainan
27%
Torreón
27%
Anshan
26%
Bhilai
26%
Chandigarh
26%
Daejeon
26%
Fuji
26%
Onitsha
26%
Querétaro
26%
Suzhou
26%
Taichung
26%
Xuzhou
26%
Barquisimeto
25%
Changzhou
25%
Gujranwala
25%
Guwahati
25%
Huizhou
25%
Kayseri
25%
Maiduguri
25%
Multan
25%
Mysore
25%
Nanchang
25%
Nantong
25%
Surakarta
25%
Wuhu
25%
Baotou
24%
Bhubaneswar
24%
Hamamatsu
24%
Ludhiana
24%
Luoyang
24%
Rajkot
24%
San Miguel de Tucumán
24%
Ulsan
24%
Kumamoto
23%
Nashik
23%
Taizhou
23%
Tangshan
23%
Vadodara
23%
Yantai
23%
Zhuzhou
23%
Aurangabad
22%
Bandar Lampung
22%
Kotā
22%
Linyi
22%
Madurai
22%
Batam
21%
Cuernavaca
21%
Daqing
21%
Gwalior
21%
Jabalpur
21%
Liuzhou
21%
Malang
21%
Pekanbaru
21%
Putian
21%
Qiqihar
21%
Ranchi
21%
Vijayawada
21%
Weifang
21%
Yangzhou
21%
Alīgarh
20%
Anyang
20%
Baoding
20%
Bareilly
20%
Huai'an
20%
Jamshedpur
20%
Khulna
20%
Meerut
20%
Datong
19%
Dhanbad
19%
Guilin
19%
Jining
19%
Maoming
19%
Morādābād
19%
Serang
19%
Solapur
19%
Tiruchirappalli
19%
Xining
19%
Zhuhai
19%
Bengbu
18%
Hubli-Dharwad
18%
Tai'an
18%
Tiruppur
18%
Wanzhou
18%
Yinchuan
18%
Yiwu
18%
Āsansol
17%
Benxi
17%
Changshu
17%
Changwon
17%
Hengyang
17%
Huaibei
17%
Jalandhar
17%
Kaifeng
17%
Kananga
17%
Nanyang
17%
Qinhuangdao
17%
Shizuoka
17%
Touba
17%
Zhanjiang
17%
Zunyi
17%
Calicut
16%
Chifeng
16%
Chonburi
16%
Handan
16%
Ilorin
16%
Jinzhou
16%
Nanchong
16%
Qingyuan
16%
Rizhao
16%
Xiangtan
16%
Yichang
16%
Zhangjiakou
16%
Baoji
15%
Xiangyang
15%
Zhenjiang
15%
Cangnan
14%
Changde
14%
Jiangyin
14%
Lianyungang
14%
Mianyang
14%
Weihai
14%
Xinxiang
14%
Ganzhou
13%
Jiaozuo
12%
Ma'anshan
12%
Xingtai
12%
Yancheng
12%
Yingkou
11%
Fuyang
10%
Jingzhou
9%
Pingxiang
9%
Tengzhou
9%
Yibin
9%
Suqian
8%
Shaoyang
5%
No matching quizzes found
Score Distribution
Percent of People with Each Score
Percentile by Number Answered
Your Score History
You have not taken this quiz